000 01222nam a2200313 i 4500
003 EG-GICUC
005 20260121101516.0
008 251217s1997 ua ||||fr|||| 000 0 ara d
040 _a EG-GICUC
_bara
_c EG-GICUC
_d EG-GICUC
_erda
041 _aara
082 0 4 _221
_a343.6
_bي س . أ
092 0 4 _221
099 _aLaw1 10 343.6 ي س . أ 1997
100 0 _aيسر انور علي
_eمؤلف.
245 1 0 _aأصول علمي الإجرام والعقاب.
_nالجزء الأول,
_pعلم الإجرام /
_cالدكتور يسر أنور علي, الدكتورة أمال عبدالرحيم عثمان.
264 1 _aالقاهرة :
_bدار النهضة العربية,
_c1997.
300 _a375 صفحة ؛
_c24 سم
336 _2rda content
_atext
337 _2rda media
_aComputer
338 _2rda carrier
_aOnline Resource
546 _aالنص باللغة العربية
650 1 4 _aعلم الإجرام
_2qrmak
650 1 4 _aعلم العقاب
_2qrmak
651 1 _2qrmak
700 _aالدكتورة أمال عبدالرحيم عثمان
_eمؤلف مشارك.
856 4 0 _uhttps://fll.law.cu.edu.eg/fulltext/bks/B10-07254.pdf
905 _a79
_eHassnaa
942 _2ddc
_cBK
_e21
_n0
999 _c51151
_d51151